Taiwania lähimpänä olevat valtiot - Statistics

Yleistilastot
  • Tätä visaa on pelattu 1 184 kertaa
  • Keskiarvotulos 17 / 20
Vastaustilastot
Kilometrit Valtio % Oikein
4 Kiina
99%
107 Japani
98%
990 Etelä-Korea
95%
1439 Pohjois-Korea
94%
1088 Vietnam
92%
2033 Indonesia
91%
156 Filippiinit
89%
1444 Laos
89%
1734 Thaimaa
89%
2115 Intia
87%
1664 Malesia
84%
2069 Venäjä
82%
1606 Kambodža
81%
2195 Mongolia
81%
1774 Myanmar
80%
2599 Bangladesh
75%
2628 Bhutan
71%
1977 Brunei
68%
2241 Mikronesia
53%
2116 Palau
51%
Ehtoja vastaavia visoja ei löytynyt
Tulosjakauma
Jokaisen tuloksen saaneiden osuus
Persentiili vastausten määrän mukaan
Tuloshistoriasi
Et ole pelannut tätä visaa